[Event "Reykjavik Open 2013"]
[Site "Reykjavik ISL"]
[Date "2013.02.19"]
[Round "1.63"]
[White "Handler,L"]
[Black "Hyotyla,T"]
[Result "1-0"]
[WhiteElo "2369"]
[BlackElo "1792"]

1.d4 Nf6 2.c4 Nc6 3.Nf3 e6 4.Nc3 Bb4 5.e3 d6 6.Qc2 O-O 7.a3 Bxc3+ 8.Qxc3 Qe8
9.Be2 a5 10.b3 e5 11.dxe5 Nxe5 12.Bb2 Ne4 13.Qd4 Nc5 14.Nxe5 Qxe5 15.Qxe5 dxe5
16.Bxe5 Nxb3 17.Rb1 a4 18.Bxc7 Be6 19.Bd6 Rfc8 20.Rd1 Bxc4 21.Bxc4 Rxc4 22.O-O f6
23.g3 Rac8 24.Kg2 Rc1 25.Bb4 Rxd1 26.Rxd1 Rc2 27.Rd8+ Kf7 28.Ra8 Nc5 29.Bxc5 Rxc5
30.Rxa4 Ke6 31.Rh4 h6 32.Rg4 Kf7 33.Ra4 Ke6 34.Kf3 Kd5 35.Rd4+ Ke6 36.h4 Ke7
37.Rg4 Kf7 38.Ra4 Ke6 39.Ra7 Rc7 40.a4 Rd7 41.a5 Kf7 42.h5 Ke6 43.Kf4 Kd6
44.f3 Re7 45.e4 Rf7 46.a6  1-0

[Event "ch-ROU 2013"]
[Site "Baile Olanesti ROU"]
[Date "2013.02.20"]
[Round "6.27"]
[White "Baciu,S"]
[Black "Patrascu,Catalin-Lucian"]
[Result "1/2-1/2"]
[WhiteElo "2243"]
[BlackElo "1937"]

1.d4 Nf6 2.c4 Nc6 3.Nf3 e6 4.Nc3 Bb4 5.e3 d6 6.Qc2 O-O 7.a3 Bxc3+ 8.Qxc3 a5
9.b3 Qe7 10.Bb2 Re8 11.Be2 e5 12.dxe5 dxe5 13.h3 Bf5 14.O-O Ne4 15.Qc1 Nc5
16.Qc3 Ne4 17.Qc1 Nc5 18.Qc3 Ne4 19.Qc1  1/2-1/2

[Event "ch-ROU 2013"]
[Site "Baile Olanesti ROU"]
[Date "2013.02.21"]
[Round "7.32"]
[White "Costachi,M"]
[Black "Vasiliu,Cosmin"]
[Result "1-0"]
[WhiteElo "2056"]
[BlackElo "1778"]

1.d4 Nf6 2.c4 Nc6 3.Nc3 e5 4.d5 Ne7 5.e4 Ng6 6.Be3 Bb4 7.Bd3 d6 8.h3 Bxc3+
9.bxc3 b6 10.Ne2 Qe7 11.g4 a5 12.Qc2 Ba6 13.O-O Nh5 14.Qd2 h6 15.a4 Nf6 16.Ng3 Bc8
17.Rae1 Bd7 18.Nf5 Bxf5 19.exf5 Nf8 20.f4 N8d7 21.Bd4 O-O-O 22.Re3 Nxg4 23.hxg4 Qh4
24.Qe1 Qxe1 25.Rfxe1 exd4 26.cxd4 f6 27.Re7 Rhg8 28.Kg2 Nb8 29.Kg3 Rd7 30.R7e2 Rdd8
31.Kh4 Nd7 32.Re7 Nf8 33.Kh5 Rd7 34.R7e2 Rd8 35.Rc2 Nd7 36.Kg6 Nf8+ 37.Kf7 Nd7
38.Re7  1-0

[Event "ch-ROU 2013"]
[Site "Baile Olanesti ROU"]
[Date "2013.02.23"]
[Round "10.28"]
[White "Florescu,C"]
[Black "Patrascu,Catalin-Lucian"]
[Result "1/2-1/2"]
[WhiteElo "2212"]
[BlackElo "1937"]

1.d4 Nf6 2.c4 Nc6 3.Nf3 e6 4.a3 d6 5.Nc3 Be7 6.e4 O-O 7.Be2 e5 8.d5 Nb8 9.O-O a5
10.b3 Nbd7 11.Ne1 Nc5 12.Qc2 Ne8 13.Nd3 Nxd3 14.Bxd3 Bg5 15.Rb1 Bxc1 16.Qxc1 f5
17.exf5 Bxf5 18.Bxf5 Rxf5 19.f4 Qh4 20.g3 Qg4  1/2-1/2

[Event "Reykjavik Open 2013"]
[Site "Reykjavik ISL"]
[Date "2013.02.23"]
[Round "6.78"]
[White "Michel,Steve"]
[Black "Hyotyla,T"]
[Result "0-1"]
[WhiteElo "2008"]
[BlackElo "1792"]

1.d4 Nf6 2.c4 Nc6 3.Nc3 e5 4.d5 Ne7 5.h4 h5 6.Bg5 Ng6 7.e3 Be7 8.Bd3 d6 9.Qc2 Nf8
10.O-O-O N8d7 11.Qe2 Nc5 12.Bc2 Bd7 13.Nh3 Qc8 14.f3 Bf5 15.Nf2 Bxc2 16.Qxc2 b6
17.Kb1 Qa6 18.Nb5 Qc8 19.b4 Ncd7 20.e4 a6 21.Nc3 Qb7 22.a3 b5 23.Ka2 bxc4
24.Rb1 O-O 25.Ncd1 Nb6 26.Nb2 c6 27.dxc6 Qxc6 28.Rbc1 Rfc8 29.Nfd1 Rc7 30.Ne3 Rac8
31.Rhd1 Qb5 32.Nf5 Qd7 33.Qf2 c3 34.Bxf6 Qe6+ 35.Ka1 cxb2+ 36.Kxb2 Na4+  0-1

[Event "33rd TCh-IND 2013"]
[Site "Hyderabad IND"]
[Date "2013.02.24"]
[Round "6.2"]
[White "Akshat,Kh"]
[Black "Ram,S"]
[Result "1-0"]
[WhiteElo "2383"]
[BlackElo "2291"]

1.d4 Nf6 2.c4 Nc6 3.Nf3 e6 4.a3 d6 5.Nc3 g6 6.e4 Bg7 7.d5 Ne7 8.dxe6 fxe6
9.e5 Ng4 10.exd6 cxd6 11.Be2 O-O 12.O-O d5 13.h3 Ne5 14.Bg5 Nf7 15.Bh4 Qd7
16.Qb3 Nf5 17.cxd5 Nxh4 18.Nxh4 Qe7 19.Nf3 exd5 20.Rfe1 d4 21.Bc4 Qd7 22.Rad1 Kh8
23.Nb5 Nd6 24.Nbxd4 Nxc4 25.Qxc4 Qd8 26.Ne6 Bxe6 27.Qxe6 Qf6 28.Rd7 b6 29.Qe7 a5
30.Ng5 Qxf2+ 31.Kh1 Qxb2 32.Nf7+ Rxf7 33.Qxf7 Rf8 34.Rd8  1-0

[Event "Zagreb Open A 2013"]
[Site "Zagreb CRO"]
[Date "2013.03.02"]
[Round "6.10"]
[White "Ivekovic,Bo2"]
[Black "Sale,S"]
[Result "0-1"]
[WhiteElo "2174"]
[BlackElo "2401"]

1.d4 Nf6 2.c4 Nc6 3.Nc3 e5 4.Nf3 exd4 5.Nxd4 Bb4 6.e3 Bxc3+ 7.bxc3 O-O 8.Be2 Re8
9.O-O Ne5 10.f4 Ng6 11.Bf3 Nh4 12.Be2 d5 13.g3 Nf5 14.Nxf5 Bxf5 15.g4 Bc8
16.cxd5 Qxd5 17.f5 Qa5 18.c4 Bd7 19.g5 Ba4 20.Qd4 Rad8 21.Qf4 Ne4 22.c5 Qxc5
23.g6 f6 24.gxh7+ Kh8 25.Bf3 Bc6 26.Bb2 Ng5 27.Bd4 Qc2  0-1

[Event "Zagreb Open A 2013"]
[Site "Zagreb CRO"]
[Date "2013.03.04"]
[Round "9.6"]
[White "Martinovic,Sa"]
[Black "Sale,S"]
[Result "0-1"]
[WhiteElo "2538"]
[BlackElo "2401"]

1.d4 Nf6 2.c4 Nc6 3.Nc3 e5 4.d5 Ne7 5.Nf3 Ng6 6.h4 h5 7.Bg5 d6 8.e3 Bf5 9.Qa4+ Qd7
10.Qb3 Qc8 11.Bxf6 gxf6 12.Nd2 Be7 13.O-O-O Bd7 14.Kb1 f5 15.Be2 a6 16.g3 Rb8
17.Rc1 c5 18.a4 e4 19.f3 exf3 20.Nxf3 Bf6 21.Rhf1 Qd8 22.Bd3 Qa5 23.Nd2 Bxc3
24.Qxc3 Qxc3 25.Rxc3 Bxa4 26.Bxf5 Ke7 27.b3 Be8 28.Bxg6 fxg6 29.e4 Bd7 30.Rcf3 Rhf8
31.Kb2 Rxf3 32.Rxf3 Rg8 33.e5 dxe5 34.Ne4 Bf5 35.Nxc5 Rb8 36.b4 Kd6 37.Ra3 Kc7
38.Re3 Kd6 39.Ra3 Kc7 40.Ra1 Re8 41.Re1 Re7 42.Rd1 Re8 43.Kc3 e4 44.d6+ Kc6
45.Nb3 Bg4 46.Re1 Kxd6 47.Nc5 b6 48.Nxa6 e3 49.c5+ bxc5 50.Nxc5 e2 51.Kd2 Kd5
52.Ra1 Kd4 53.Nd3 Ke4 54.Nf2+ Kf3 55.Nxg4 hxg4 56.Ke1 Kxg3 57.b5 Kh2 58.b6 g3
59.b7 g2 60.Kf2 Rf8+  0-1

[Event "Blackpool Congress 2013"]
[Site "Blackpool ENG"]
[Date "2013.03.08"]
[Round "1.5"]
[White "Mitchell,M"]
[Black "Garnett,J"]
[Result "0-1"]
[WhiteElo "2213"]
[BlackElo "2028"]

1.d4 Nf6 2.c4 Nc6 3.Nf3 e6 4.a3 d6 5.Nc3 g6 6.Bf4 Bg7 7.Qd2 O-O 8.Bh6 e5
9.Bxg7 Kxg7 10.d5 Ne7 11.g3 Ne8 12.h4 f5 13.h5 Ng8 14.hxg6 hxg6 15.Bg2 Nef6
16.Ng5 Nh5 17.Ne6+ Bxe6 18.dxe6 Rb8 19.Bf3 Nhf6 20.O-O-O e4 21.Bg2 Qe7 22.Rh4 Qxe6
23.b3 Rbd8 24.Rdh1 c6 25.Qg5 d5 26.cxd5 cxd5 27.Kb2 Rc8 28.Qe3 d4 29.Qxd4 Rfd8
30.Rh7+ Kf8 31.Qb4+ Qd6 32.Qxb7 Nxh7 33.Rxh7 Qd2+ 34.Kb1 Qe1+ 35.Kb2 Rd2+  0-1

[Event "Jersey Masters 2013"]
[Site "St Clement Bay JCI"]
[Date "2013.03.09"]
[Round "7"]
[White "Frijling,J"]
[Black "Plug,A"]
[Result "1/2-1/2"]
[WhiteElo "1858"]
[BlackElo "1909"]

1.d4 Nf6 2.c4 Nc6 3.Nf3 e6 4.g3 Bb4+ 5.Bd2 Qe7 6.Bg2 O-O 7.O-O Bxd2 8.Nbxd2 d6
9.e4 e5 10.d5 Nb8 11.Ne1 Nbd7 12.Nd3 b6 13.b4 a5 14.a3 Bb7 15.Qc2 axb4 16.axb4 Rfb8
17.Rfc1  1/2-1/2

[Event "Karpos Open 2013"]
[Site "Skopje MKD"]
[Date "2013.03.10"]
[Round "2.38"]
[White "Grigorov,G"]
[Black "Mladenovic,St"]
[Result "1/2-1/2"]
[WhiteElo "2516"]
[BlackElo "2292"]

1.d4 Nf6 2.c4 Nc6 3.Nf3 e6 4.a3 d6 5.Nc3 g6 6.g3 Bg7 7.Bg2 O-O 8.O-O Re8
9.d5 exd5 10.cxd5 Nb8 11.Nd4 Nbd7 12.b3 Nc5 13.Bb2 a5 14.Qc2 Bd7 15.b4 axb4
16.axb4 Na6 17.Qb3 Qc8 18.Rfc1 Bh3 19.Ncb5 Bxg2 20.Kxg2 Qg4 21.Nxc7 Nxc7
22.Rxc7 Rxa1 23.Bxa1 Qe4+ 24.f3 Qxd5 25.e4 Qxb3 26.Nxb3 Ra8 27.Rxb7 Ra2+
28.Kf1 h5 29.Bd4 Ra3 30.Bxf6 Bxf6 31.Nd2 Ra2 32.Nc4 Rxh2 33.f4 h4 34.Rb8+  1/2-1/2

[Event "Karpos Open 2013"]
[Site "Skopje MKD"]
[Date "2013.03.13"]
[Round "6.42"]
[White "Tosic,M"]
[Black "Jovanovic,Boj2"]
[Result "1-0"]
[WhiteElo "2408"]
[BlackElo "2198"]

1.d4 Nf6 2.c4 Nc6 3.Nf3 e6 4.g3 d5 5.Bg2 dxc4 6.O-O Rb8 7.Nc3 b5 8.e4 b4
9.Ne2 Bd7 10.d5 Ne7 11.Ne5 exd5 12.exd5 g6 13.a3 bxa3 14.Rxa3 Bg7 15.Nc3 O-O
16.Nxc4 Nc8 17.Ne5 Ne8 18.Nc6 Bxc6 19.dxc6 Ned6 20.Ra4 Ne7 21.Rxa7 Rb6 22.Qa4 Qb8
23.Re1 Nxc6 24.Bxc6 Rxc6 25.Qxc6 Qxa7 26.Nd5 Bd4 27.Re2 Qa8 28.Bh6 Qxc6 29.Ne7+ Kh8
30.Nxc6 Re8 31.Rxe8+ Nxe8 32.Nxd4 Kg8  1-0

[Event "TCh-AUT 2012-13"]
[Site "St.Veit AUT"]
[Date "2013.03.21"]
[Round "8.3"]
[White "Bernasek,J"]
[Black "Felsberger,A"]
[Result "1-0"]
[WhiteElo "2506"]
[BlackElo "2366"]

1.d4 Nf6 2.c4 Nc6 3.Nc3 e6 4.e3 Bb4 5.Ne2 O-O 6.a3 Bxc3+ 7.Nxc3 d5 8.Be2 b6
9.O-O a5 10.b3 Bb7 11.Bb2 Qe7 12.Rc1 Rfd8 13.Qc2 Rac8 14.Rfd1 h6 15.Bf3 Ba8
16.Nb5 Rb8 17.cxd5 exd5 18.Rd3 Qd7 19.Rc3 Nb4 20.axb4 Qxb5 21.Rxc7 Qxb4 22.Ra1 Qb5
23.Ba3 Rd7 24.Be2 Rxc7 25.Qxc7 Qe8 26.Rc1 Qd8 27.Bd6 Qxc7 28.Bxc7 Rb7 29.Be5 Ra7
30.Rc8+ Kh7 31.Bd3+ Ne4 32.Bb8  1-0

[Event "O2C Doeberl Cup Premier 2013"]
[Site "Canberra AUS"]
[Date "2013.03.28"]
[Round "1.21"]
[White "Rowlison,Colin N"]
[Black "Akshat,Kh"]
[Result "0-1"]
[WhiteElo "1949"]
[BlackElo "2383"]

1.d4 Nf6 2.c4 Nc6 3.Nf3 e6 4.g3 Bb4+ 5.Bd2 Qe7 6.a3 Bxd2+ 7.Nbxd2 O-O 8.Bg2 d6
9.O-O a5 10.b3 e5 11.dxe5 dxe5 12.Qc2 Rd8 13.e3 g6 14.Rfe1 Bf5 15.e4 Bg4
16.h3 Bxf3 17.Nxf3 Nd4 18.Nxd4 Rxd4 19.Qc3 Qc5 20.Qf3 Kg7 21.a4 Rad8 22.Rad1 R8d6
23.Rxd4 Qxd4 24.Qe3 Nd7 25.Bf3 Nc5 26.Kg2 Rb6 27.Bd1 Rd6 28.Bf3 b6 29.g4 Qb2
30.Rd1 Qxb3 31.Rxd6 cxd6 32.Qxb3 Nxb3 33.Bd1 Nd2 34.f3 Nxc4 35.Be2 Nd2 36.Kf2 Nb3
37.Ke3 Nc5 38.Bb5 Kf6 39.h4 Ke6 40.Bc6 h6 41.g5 hxg5 42.hxg5 Ke7  0-1

[Event "e2e4 Dublin Masters"]
[Site "Dublin IRL"]
[Date "2013.03.30"]
[Round "5"]
[White "Courtney,John"]
[Black "Creighton,Terry"]
[Result "1-0"]
[WhiteElo "2005"]
[BlackElo "1756"]

1.d4 Nf6 2.c4 Nc6 3.d5 Ne5 4.e4 d6 5.Nc3 c5 6.f4 Ng6 7.Bd3 h5 8.e5 Bg4 9.Qa4+ Bd7
10.Qc2 Nxe5 11.fxe5 dxe5 12.Nf3 Qc7 13.Ng5 a6 14.O-O O-O-O 15.Nxf7 Rg8 16.Nxd8 Qxd8
17.Bg6 h4 18.Qf2 Qc7 19.Qxh4 Kb8 20.Bg5 Be8 21.Bxe8 Nxe8 22.Qh7  1-0

[Event "Mexico International Open"]
[Site "Puebla MEX"]
[Date "2013.03.31"]
[Round "9.3"]
[White "Otero Acosta,D"]
[Black "Alvarez Pedraza,A"]
[Result "1-0"]
[WhiteElo "2471"]
[BlackElo "2500"]

1.d4 Nf6 2.c4 Nc6 3.Nf3 e6 4.a3 d6 5.Nc3 g6 6.e4 Bg7 7.d5 exd5 8.cxd5 Ne7
9.Be2 O-O 10.O-O Bg4 11.h3 h6 12.Be3 Nd7 13.Rc1 a6 14.Qd2 Kh7  1-0

[Event "e2e4 Dublin Masters"]
[Site "Dublin IRL"]
[Date "2013.04.01"]
[Round "8"]
[White "Loughran,J"]
[Black "Creighton,Terry"]
[Result "0-1"]
[WhiteElo "1888"]
[BlackElo "1756"]

1.d4 Nf6 2.c4 Nc6 3.d5 Ne5 4.e4 e6 5.Nc3 Bc5 6.Be2 O-O 7.Bg5 h6 8.Bh4 Ng6
9.Bg3 e5 10.Qd2 d6 11.h3 Bb4 12.Bd3 a6 13.O-O-O b5 14.cxb5 axb5 15.a3 Ba5
16.b4 Bb6 17.Kb2 Bd7 18.Nge2 Nh5 19.Rhf1 Qf6 20.Bxb5 Bxb5 21.Nxb5 Nhf4 22.Nxf4 exf4+
23.Ka2 fxg3 24.fxg3 Qg5 25.Qc2 Qxg3 26.Rf3 Qe5 27.Rdf1 Qe7 28.Qc3 Qxe4  0-1

[Event "1st Hofheim Open"]
[Site "Hofheim GER"]
[Date "2013.04.02"]
[Round "1.4"]
[White "Kreiling,C"]
[Black "Arnaudov,G"]
[Result "0-1"]
[WhiteElo "2111"]
[BlackElo "2489"]

1.d4 Nf6 2.c4 Nc6 3.Nc3 e5 4.d5 Ne7 5.g3 Ng6 6.Bg2 Bb4 7.Bd2 O-O 8.a3 Bxc3
9.Bxc3 d6 10.Nf3 Ne4 11.Rc1 f5 12.O-O f4 13.Nd2 Ng5 14.Ne4 Nh3+ 15.Kh1 Bf5
16.Qe1 Qd7 17.c5 fxg3 18.hxg3 Bxe4 19.Bxe4 Qg4 20.f3 Qh5 21.Kg2 Ngf4+ 22.Kh1 Ng5+
23.Kg1 Nxe4 24.fxe4 Nxe2+ 25.Kg2 Rxf1 26.Qxf1 Nxc1 27.Qxc1 Qe2+ 28.Kh3 Rf8
29.cxd6 Rf2  0-1

[Event "TCh-CRO II Liga 2013"]
[Site "Split CRO"]
[Date "2013.04.05"]
[Round "1.4"]
[White "Gracin,D"]
[Black "Glavan,M"]
[Result "0-1"]
[WhiteElo "2127"]
[BlackElo "1994"]

1.d4 Nf6 2.c4 Nc6 3.Nc3 e5 4.dxe5 Nxe5 5.b3 Bb4 6.Bd2 O-O 7.a3 Qe7 8.Qc2 Bxa3
9.g3 c6 10.Bg2 Bc5 11.e4 d5 12.cxd5 cxd5 13.f4 Neg4 14.e5 Nf2 15.Nge2 Nxh1
16.exf6 Qxf6 17.Bxh1 Bf5 18.Qd1 Rfe8 19.Kf1 Bh3+ 20.Bg2 Bxg2+ 21.Kxg2 d4
22.Na4 Qc6+ 23.Kh3 Qe6+ 24.g4 Qxe2 25.Nxc5 b5 26.Nd7 Qd3+ 27.Kh4 Re2 28.Qh1 Rd8
29.Bc1 g5+ 30.fxg5 Rxd7 31.Qa8+ Kg7 32.Bf4 Qe4 33.Qb8 Re7 34.Rf1 Qg2 35.Rc1 R2e3
36.Bg3 Rxg3 37.Qxg3 Qxg3+ 38.Kxg3 Re3+ 39.Kf4 Rh3 40.Rc2 d3 41.Rc6 Rxh2 42.Rd6 Rd2
43.Ke3 Rd1 44.Rd7 d2 45.Rxa7 Rb1 46.Kxd2 Rxb3 47.Rd7 Rb4 48.Ke3 Rxg4 49.Kf3 Rc4
50.Rb7 Rc5  0-1

[Event "ch-ISR 2013"]
[Site "Acre ISR"]
[Date "2013.04.09"]
[Round "4.15"]
[White "Zalkind,K"]
[Black "Axelrod,A"]
[Result "0-1"]
[WhiteElo "2254"]
[BlackElo "2328"]

1.d4 Nf6 2.c4 Nc6 3.Nc3 e5 4.d5 Ne7 5.g3 Ng6 6.Bg2 Bb4 7.Bd2 O-O 8.a3 Bxc3
9.Bxc3 d6 10.Qc2 a5 11.b3 Bd7 12.Bb2 c6 13.dxc6 Bxc6 14.Nf3 e4 15.Nd4 e3
16.f3 h5 17.Nf5 Re8 18.Bd4 h4 19.Nxe3 Bd7 20.Kf2 Nh5 21.Qd2 Qg5 22.Nf1 Ngf4
23.e3 h3 24.exf4 hxg2 25.Kxg2 Re2+ 26.Bf2 Bh3+ 27.Kg1 Qe7 28.Qd4 Re8 29.Nd2 Nf6
30.Rd1 Qd7 31.Qd3 Qc6 32.Ne4 R8xe4 33.fxe4 Rxe4  0-1

[Event "ch-SRB 2013"]
[Site "Vrnjacka Banja SRB"]
[Date "2013.04.15"]
[Round "1.2"]
[White "Indjic,A"]
[Black "Tosic,M"]
[Result "1/2-1/2"]
[WhiteElo "2519"]
[BlackElo "2412"]

1.d4 Nf6 2.c4 Nc6 3.Nf3 e6 4.a3 d5 5.Nc3 a6 6.Bg5 Be7 7.e3 O-O 8.Qc2 h6 9.Bh4 dxc4
10.Bxc4 b5 11.Be2 Bb7 12.O-O Nd7 13.Bg3 Rc8 14.Rfd1 Bd6 15.Rac1 Ne7 16.e4 Bxg3
17.hxg3 Qe8 18.b4 Nb6 19.Nd2 f5 20.Nf3 Ng6 21.Bd3 f4 22.g4 Qe7 23.Ne2 Nd7
24.e5 Bxf3 25.Bxg6 Bxg4 26.f3 Bf5 27.Bxf5 Rxf5 28.Qe4 Qg5 29.Rc6 Nf8 30.Rd2 Rd8
31.Rxc7 Ng6 32.Kf1 Nxe5 33.Rdc2 Nc4 34.Qxe6+ Kh8 35.R2xc4 bxc4 36.Rc8 Rff8
37.Rxd8 Rxd8 38.Qxc4 Qf6 39.Qc7 Rf8 40.a4 Rf7 41.Qc8+ Kh7 42.b5 axb5 43.axb5 Qg6
44.Qc4 Qb1+ 45.Kf2 Rf5 46.d5 Qd1 47.Nxf4 Qd2+ 48.Kg3 Qe1+ 49.Kh3 Qh1+ 50.Kg3 Qe1+
51.Kh3 Qh1+ 52.Kg3 Qe1+ 53.Kh3  1/2-1/2

[Event "77th ch-BUL 2013"]
[Site "Bankya BUL"]
[Date "2013.04.16"]
[Round "1.3"]
[White "Rusev,K"]
[Black "Arnaudov,G"]
[Result "1/2-1/2"]
[WhiteElo "2532"]
[BlackElo "2489"]

1.d4 Nf6 2.c4 Nc6 3.Nf3 e6 4.a3 d6 5.Nc3 g6 6.e4 Bg7 7.h3 O-O 8.Bg5 h6 9.Be3 e5
10.d5 Nd4 11.Nxd4 exd4 12.Bxd4 Nxe4 13.Nxe4 Qh4 14.g4 Re8 15.Bg2 Bf5 16.O-O Bxe4
17.Bxg7 Bxg2 18.Kxg2 Kxg7 19.Qd4+ Qf6 20.Qxf6+ Kxf6 21.Kf3 Re5 22.Rae1 Rae8
23.Re3 a5 24.a4 b6 25.Rfe1 Rxe3+ 26.Rxe3 Rxe3+ 27.fxe3 Kg5 28.e4 f5 29.exf5 gxf5
30.gxf5 Kxf5 31.h4 h5 32.b3 Ke5 33.Ke3 Kf5 34.Kf3 Ke5 35.Ke3 Kf5 36.Kf3  1/2-1/2

[Event "ch-SRB 2013"]
[Site "Vrnjacka Banja SRB"]
[Date "2013.04.16"]
[Round "2.2"]
[White "Sedlak,N"]
[Black "Perunovic,Mio"]
[Result "1/2-1/2"]
[WhiteElo "2577"]
[BlackElo "2434"]

1.d4 Nf6 2.c4 Nc6 3.Nf3 e6 4.Nc3 Bb4 5.Qc2 d6 6.Bd2 e5 7.d5 Bxc3 8.Bxc3 Ne7
9.e4 O-O 10.Nd2 Bd7 11.Be2 Ng6 12.h4 Nf4 13.Bf1 Ng4 14.g3 Nh5  1/2-1/2

[Event "TCh-NED Meesterklasse 2012-13"]
[Site "Netherland NED"]
[Date "2013.04.20"]
[Round "9.8"]
[White "Kodentsov,G"]
[Black "Hausrath,D"]
[Result "0-1"]
[WhiteElo "2281"]
[BlackElo "2490"]

1.d4 Nf6 2.c4 Nc6 3.Nf3 e6 4.a3 d6 5.Nc3 g6 6.e4 Bg7 7.d5 Ne7 8.h3 O-O 9.Be2 a5
10.O-O e5 11.Ne1 Nd7 12.Nd3 f5 13.exf5 gxf5 14.f4 Ng6 15.g3 Nc5 16.fxe5 Nxd3
17.Bxd3 dxe5 18.Qh5 e4 19.Bg5 Qd6 20.Be2 Qxg3+ 21.Kh1 Be5 22.Bf4 Bxf4  0-1

[Event "TCh-HUN 2012-13"]
[Site "Nagykanizsa HUN"]
[Date "2013.04.21"]
[Round "9"]
[White "Galyas,M"]
[Black "Kiss,Laj"]
[Result "1/2-1/2"]
[WhiteElo "2429"]
[BlackElo "2179"]

1.d4 Nf6 2.c4 Nc6 3.Nf3 e6 4.Nc3 Bb4 5.Qc2 d6 6.Bg5 O-O 7.e3 h6 8.Bh4 g5
9.Bg3 Nh5 10.Be2 f5 11.Nd2 Qe8 12.Nb5 Ba5 13.d5 a6 14.Nc3 Ne7 15.O-O-O Bxc3
16.Qxc3 exd5 17.Nf3 Nf6 18.Qc2 dxc4 19.Bxc4+ d5 20.Bd3 Bd7 21.h4 g4 22.Ne5 c5
23.Nxd7 Nxd7 24.Bf4 Rf6 25.f3 Qf7 26.h5 c4 27.Be2 b5 28.fxg4 b4 29.Kb1 b3
30.axb3 cxb3 31.Qc7 Qe6 32.Bd3 fxg4 33.Rc1 Rc8 34.Qa5 Rff8 35.Qxa6 Nb6 36.Bc7 Rf6
37.Bxb6 Rxc1+ 38.Rxc1 Qxb6 39.Qxb6 Rxb6 40.Be2 Nf5 41.Rc3 Rb4 42.Bd1 Re4
43.Bxb3 Nxe3 44.Rc6 Kh7 45.Kc1 Re5 46.Kd2 Nxg2 47.Bc2+ Kg7 48.Rg6+ Kf7 49.Rxg4 Ne3
50.Bg6+ Kf6 51.Rb4 Nc4+ 52.Kd3 Nd6 53.Rb6 Re6 54.b4 Ke5 55.Rb8 Re7 56.Rh8 Rb7
57.Kc3 Nb5+ 58.Kd2 Nd6 59.Rxh6 Rxb4 60.Rh8 Rh4 61.h6 Kf6 62.Bd3 Nf7 63.Ra8 Nxh6
64.Kc3 Nf7 65.Rf8 Ke6 66.Bc2 Nd6 67.Rf1 d4+ 68.Kd3 Ke5 69.Re1+ Kf6 70.Rf1+ Ke5
71.Re1+ Re4 72.Rxe4+ Nxe4 73.Ke2 Nc5 74.Bh7 Kf4 75.Kd2 d3  1/2-1/2

[Event "Glenco IM 2013"]
[Site "Fredericia DEN"]
[Date "2013.05.05"]
[Round "8.3"]
[White "Lund,E"]
[Black "Teplyi,I"]
[Result "1/2-1/2"]
[WhiteElo "2412"]
[BlackElo "2410"]

1.d4 Nf6 2.c4 Nc6 3.Nf3 e6 4.a3 d6 5.Nc3 g6 6.e4 Bg7 7.Be2 O-O 8.O-O Re8
9.Be3 e5 10.d5 Nd4 11.Nxd4 exd4 12.Bxd4 Nxe4 13.Bxg7 Kxg7 14.Nxe4 Rxe4 15.Qc2  1/2-1/2

[Event "46th ch-JPN"]
[Site "Tokyo JPN"]
[Date "2013.05.05"]
[Round "10.7"]
[White "Gonda,G"]
[Black "Sakai,Sou"]
[Result "1-0"]
[WhiteElo "2078"]
[BlackElo "1831"]

1.d4 Nf6 2.c4 Nc6 3.Nf3 e6 4.g3 Bb4+ 5.Bd2 Qe7 6.Bg2 Bxd2+ 7.Nbxd2 d6 8.O-O O-O
9.e4 e5 10.d5 Nb8 11.b4 a5 12.a3 Bg4 13.h3 Bxf3 14.Qxf3 Na6 15.Qc3 axb4 16.axb4 Nh5
17.Rfc1 c5 18.dxc6 bxc6 19.Ra5 Qa7 20.b5 cxb5 21.cxb5 Qb6 22.Rxa6 Rxa6 23.bxa6 Qxa6
24.Nf1 g6 25.Ne3 Ng7 26.Bf1 Qa8 27.Nd5 Ne6 28.Qa1 Qb7 29.Rb1 Qa8 30.Qxa8 Rxa8
31.Rb6 Ra1 32.Rxd6 Ng5 33.Kg2 Nxe4 34.Nf6+ Nxf6 35.Rxf6 Rc1 36.Bb5 Rc5 37.Ba4 Ra5
38.Bb3 Ra7 39.Rb6 Rd7 40.Rb5 Re7 41.Bd5 Rd7 42.Kf3 Kg7 43.Ke4 f6 44.Rb7 Rxb7
45.Bxb7 h5 46.Kd5 Kf7 47.Kd6  1-0

[Event "II Maremma Open"]
[Site "Grosseto ITA"]
[Date "2013.05.11"]
[Round "4"]
[White "Brioschi,C"]
[Black "Vuelban,V"]
[Result "0-1"]
[WhiteElo "1756"]
[BlackElo "2298"]

1.d4 Nf6 2.c4 Nc6 3.Nc3 e5 4.dxe5 Nxe5 5.e3 Bb4 6.Nf3 Bxc3+ 7.bxc3 Qe7 8.Nxe5 Qxe5
9.Qd4 Qa5 10.Bd2 d6 11.Bd3 O-O 12.O-O Re8 13.e4 b6 14.Qe3 Bb7 15.f3 Qa4 16.Qe2 Qa3
17.Qf2 Ba6 18.Rab1 Nd7 19.Qg3 Qc5+ 20.Kh1 Ne5 21.Bh6 Ng6 22.Bd2 Bxc4 23.Bxc4 Qxc4
24.Qf2 Qxa2 25.Rb4 a5 26.Rd4 a4 27.f4 a3 28.f5 Nf8 29.Qg3 Qb3 30.Bh6 g6 31.Bxf8 Rxf8
32.Rdd1 a2 33.f6 Qxd1  0-1

[Event "27th Metropolitan GM"]
[Site "Los Angeles USA"]
[Date "2013.05.18"]
[Round "8"]
[White "Remlinger,L"]
[Black "Khachiyan,M"]
[Result "1/2-1/2"]
[WhiteElo "2308"]
[BlackElo "2518"]

1.d4 Nf6 2.c4 Nc6 3.Nf3 e6 4.a3 d6 5.Nc3 g6 6.e4 Bg7 7.d5 Ne7 8.dxe6 Bxe6
9.Be2 O-O 10.O-O Nc6 11.Qc2 Re8 12.Re1 Bg4 13.Be3 Nd7 14.Rad1 b6 15.h3 Bxf3
16.Bxf3 a5 17.b3 Rb8 18.Nb5 Nc5 19.g3 h5 20.h4 Re6 21.Bg2 Qe7 22.Bg5 Bf6
23.Bxf6 Rxf6 24.Nc3 Re6 25.Nd5 Qd8 26.Bh3 Re8 27.b4 axb4 28.axb4 Ne6 29.Qc3 Ne5
30.f4 Nd7 31.b5 f6 32.Rd2 Nec5 33.Rde2 Ra8 34.Qc2 Kg7 35.Qc3 Ra4 36.Kh2 Ra7
37.Re3 Kf7 38.R1e2 Qa8 39.Rf2 Ra2 40.Qe1 Qa5 41.Rxa2 Qxa2+ 42.Qe2 Qxe2+ 43.Rxe2 f5
44.Nxc7 Rxe4 45.Rxe4 Nxe4 46.Bg2 Ndf6 47.Bxe4 fxe4 48.Kg2 Nd7 49.Kf2 Kf6
50.Nd5+ Kf5 51.Ne3+ Ke6 52.Nd5 Kf5  1/2-1/2

[Event "BSG Pinkstertoernooi 2013"]
[Site "Bussum NED"]
[Date "2013.05.19"]
[Round "4.8"]
[White "Vereggen,L"]
[Black "Lombaers,P"]
[Result "1/2-1/2"]
[WhiteElo "2068"]
[BlackElo "2228"]

1.d4 Nf6 2.c4 Nc6 3.Nf3 e6 4.a3 d6 5.Nc3 g6 6.g3 Bg7 7.Bg2 O-O 8.O-O Re8
9.Qc2 a5 10.Rd1 Nd7 11.e4 e5 12.d5 Nd4 13.Nxd4 exd4 14.Nb5 d3 15.Qxd3 Nc5
16.Qc2 f5 17.Be3 Nxe4 18.Rac1 Bd7 19.b4 axb4 20.axb4 Bxb5 21.cxb5 Nc3 22.Re1 Ra2
23.Qd3 Qf6 24.Qc4 Re7 25.b6 cxb6 26.Qc8+ Kf7 27.Bf1 Ne4 28.Rc7 Rxc7 29.Qxc7+ Qe7
30.Rc1 Qxc7 31.Rxc7+ Kg8 32.Rxb7 Bc3 33.Rxb6 Be1 34.Rb8+ Kf7 35.Rb7+ Kf6
36.f4 Bc3 37.Rc7 Ba1 38.Ra7 Rxa7 39.Bxa7 Bc3 40.b5 g5 41.fxg5+ Nxg5 42.Be3 Ne4
43.b6 Nc5 44.Bf4 Ba5 45.Bxd6 Bxb6 46.Kg2 Ne4 47.Bf4 Bc5 48.Bd3 Nf2 49.Bb5 Ng4
50.d6 Ne3+ 51.Kf3 Nd5 52.d7 Bb6 53.Bd2 Ke5 54.Bc6 Nf6 55.Be3 Ba5 56.Bd2 Bb6
57.Ba4 Ke6 58.Bc2 Nxd7 59.Kf4 Bc7+  1/2-1/2

[Event "Hungarian National Open 2013"]
[Site "Zalakaros HUN"]
[Date "2013.05.23"]
[Round "2"]
[White "Erdos,B"]
[Black "Frink,F"]
[Result "0-1"]
[WhiteElo "2225"]
[BlackElo "2136"]

1.d4 Nf6 2.c4 Nc6 3.Nf3 e6 4.g3 Bb4+ 5.Nc3 O-O 6.Bg2 h6 7.O-O Bxc3 8.bxc3 d6
9.Qd3 e5 10.e4 Bg4 11.Nh4 Ne7 12.f4 exf4 13.gxf4 Ng6 14.Nxg6 fxg6 15.Qg3 Be2
16.Rf2 Nh5 17.Qh3 Bxc4 18.Be3 Qe7 19.e5 dxe5 20.dxe5 c6 21.Qg4 Bd3 22.Rd1 Rad8
23.Rfd2 Bf5 24.Qf3 Rxd2 25.Rxd2 Be6 26.Qf2 Qf7 27.Bc5 Rc8 28.Be3 Qf5 29.Qf1 Rf8
30.Rf2 Rd8 31.Bd4 Kh7 32.a4 Bb3 33.a5 c5 34.Bh3 Qf7 35.e6 Bxe6 36.Bxe6 Qxe6
37.Bxc5 b6 38.axb6 axb6 39.Bd4 Rf8 40.Kh1 Qe4+ 41.Qg2 Qxg2+ 42.Rxg2 Nxf4
43.Rb2 Re8 44.Kg1 Re1+  0-1

[Event "Hungarian National Open 2013"]
[Site "Zalakaros HUN"]
[Date "2013.05.29"]
[Round "8"]
[White "Vegh,E"]
[Black "Frink,F"]
[Result "1-0"]
[WhiteElo "2302"]
[BlackElo "2136"]

1.d4 Nf6 2.c4 Nc6 3.Nf3 e6 4.Nc3 d6 5.e4 Bd7 6.Bd3 e5 7.d5 Ne7 8.c5 Ng6 9.cxd6 cxd6
10.Qb3 Be7 11.Qxb7 O-O 12.a4 Bg4 13.Be2 Nh5 14.h3 Bxf3 15.Bxf3 Nhf4 16.O-O Bg5
17.Ne2 Qf6 18.Bxf4 exf4 19.Rac1 Ne5 20.Rc3 Qg6 21.Kh2 a5 22.Rfc1 h6 23.Rc8 Raxc8
24.Rxc8 Rxc8 25.Qxc8+ Kh7 26.Nd4 Bh4 27.Kg1 Bf6 28.Qc2 Nd7 29.Bg4 Bxd4 30.Bf5 Bc5
31.Bxg6+ fxg6 32.Qd2 Bb4 33.Qxf4 Ne5 34.b3 g5 35.Qe3 Kg6 36.Kf1 Kf6 37.g3 Bc5
38.Qe2 g6 39.f4 gxf4 40.gxf4 Nf7 41.Qb2+ Ke7 42.Qg7 Be3 43.e5 dxe5 44.fxe5 Bd4
45.d6+  1-0

[Event "6th Mayors Cup 2013"]
[Site "Mumbai IND"]
[Date "2013.05.30"]
[Round "3"]
[White "Babujian,L"]
[Black "Akshat,Kh"]
[Result "1-0"]
[WhiteElo "2488"]
[BlackElo "2382"]

1.d4 Nf6 2.c4 Nc6 3.Nf3 e6 4.Nc3 Bb4 5.e3 O-O 6.Bd3 d6 7.Bd2 e5 8.d5 Nb8
9.Qc2 Nbd7 10.O-O a5 11.a3 Bxc3 12.Bxc3 Nc5 13.Be2 a4 14.Nd2 Qe7 15.e4 Bd7
16.f4 Ng4 17.Bxg4 Bxg4 18.fxe5 dxe5 19.Rae1 f6 20.Re3 Rf7 21.Bb4 b6 22.h3 Bd7
23.Nf3 Qe8 24.Bxc5 bxc5 25.Ne1 Qe7 26.Nd3 Rff8 27.Qf2 Rfb8 28.Kh2 c6 29.Rg3 cxd5
30.Qxc5 Qxc5 31.Nxc5 Be8 32.cxd5 Rxb2 33.Rxf6 Rc8 34.Re6 Bg6 35.Nxa4 Rd2
36.Nb6 Rb8 37.Nd7 Rd8 38.Nxe5  1-0

[Event "French Top 12 2013"]
[Site "Haguenau FRA"]
[Date "2013.06.02"]
[Round "4.4"]
[White "Van Wely,L"]
[Black "Chernov,Va"]
[Result "1-0"]
[WhiteElo "2689"]
[BlackElo "2462"]

1.d4 Nf6 2.c4 Nc6 3.Nf3 e6 4.a3 d6 5.Nc3 g6 6.g3 Bg7 7.Bg2 O-O 8.O-O Re8
9.e3 Na5 10.b3 d5 11.Rb1 dxc4 12.b4 Nb3 13.Bb2 Nd5 14.Qe2 Nb6 15.Rfd1 a5
16.Ne5 axb4 17.axb4 Qe7 18.Nxc4 Qxb4 19.Nxb6 Qxb6 20.Qc2 Rd8 21.Ne4 Bd7 22.d5 e5
23.Bc1 Ba4 24.Nc3 Nxc1 25.Nxa4 Qa5 26.Nc5 Ne2+ 27.Kh1 Qc3 28.Rdc1 Qxc2 29.Rxc2 b6
30.Nb3  1-0